| Tag |
First Indicator |
Second Indicator |
Subfields |
| LEADER |
00000cam a22000008a 4500 |
| 001 |
in00000099138 |
| 005 |
20150924155932.0 |
| 008 |
820610s1982 nyu 00100 eng |
| 010 |
|
|
|a 81084897
|
| 020 |
|
|
|a 0812910133
|
| 035 |
|
|
|a (OCoLC)08589842
|
| 035 |
|
|
|9 AAL0011AM
|
| 039 |
0 |
|
|a 2
|b 3
|c 3
|d 3
|e 3
|
| 040 |
|
|
|a DLC
|c DLC
|d TXA
|d UtOrBLW
|
| 049 |
|
|
|a TXAF
|c [1673920]
|
| 050 |
0 |
0 |
|a PN6081
|b .G63 1982
|
| 082 |
0 |
|
|a 808.88/2
|2 19
|
| 245 |
0 |
0 |
|a Good advice /
|c compiled by Leonard Safir and William Safire.
|
| 263 |
|
|
|a 8208
|
| 264 |
|
1 |
|a New York, N.Y. :
|b Times Books,
|c [1982]
|
| 264 |
|
4 |
|c ©1982
|
| 300 |
|
|
|a xv, 400 pages ;
|c 24 cm.
|
| 336 |
|
|
|a text
|b txt
|2 rdacontent
|
| 337 |
|
|
|a unmediated
|b n
|2 rdamedia
|
| 338 |
|
|
|a volume
|b nc
|2 rdacarrier
|
| 500 |
|
|
|a Includes index.
|
| 650 |
|
0 |
|a Quotations, English.
|
| 650 |
|
0 |
|a Conduct of life
|v Quotations, maxims, etc.
|
| 700 |
1 |
|
|a Safir, Leonard.
|
| 700 |
1 |
|
|a Safire, William,
|d 1929-2009.
|
| 999 |
|
|
|a MARS
|
| 999 |
f |
f |
|s 89316efd-14cb-3d35-87b3-00df0d5b3b57
|i e822af71-bf99-3116-b4f9-8e2314d45673
|t 0
|
| 952 |
f |
f |
|p ric
|a Texas A&M University
|b Rellis Campus
|c Joint Library Facility
|d Remote Storage
|t 0
|e PN6081 .G63 1982
|h Library of Congress classification
|i unmediated -- volume
|m A14806269772
|
| 998 |
f |
f |
|a PN6081 .G63 1982
|t 0
|l Remote Storage
|